000 00272nam a2200121Ia 4500
008 190216s9999||||xx |||||||||||||| ||und||
100 _aHall&Amp;Knight
245 0 _aHigher Algebra
260 _bArihant Prakashan
300 _a553
650 _aMathematics
942 _cBK
999 _c32204
_d32204